000 00210nam a2200097Ia 4500
008 240331s9999 xx 000 0 und d
082 _bMAN
100 _aMangai,A
245 0 _aPen arangam tamilchoolal
942 _cL
999 _c4622
_d4622